| 000 | 00652nam a2200217 u 4500 | ||
|---|---|---|---|
| 005 | 20240912063832.0 | ||
| 008 | 090514s2002 es r 000 0 spa d | ||
| 020 | _a8426574068 | ||
| 035 | _aUPN01000170457 | ||
| 049 | _aI | ||
| 050 | 4 |
_aPZ75 _bV3.5 2002 |
|
| 100 | 1 |
_aVázquez-Vigo, Carmen, _d1923- _930476 |
|
| 245 | 1 | 3 |
_aEl libro de Verónica / _cCarmen Vázquez-Vigo ; il. María Luisa Torcida. |
| 250 | _a4a ed. | ||
| 260 |
_aMadrid : _bMagisterio Casals, _c2002. |
||
| 300 |
_a100 p. : _bil. |
||
| 440 | 0 |
_aPunto juvenil ; _v17 |
|
| 586 | _aPremio Lazarillo de literatura | ||
| 650 | 4 |
_aCuentos infantiles argentinos _97466 |
|
| 905 | _aLibro | ||
| 999 |
_c142562 _d142562 |
||